[Event "Hollywood op"]
[Site "Los Angeles USA"]
[Date "2022.08.06"]
[Round "8.8"]
[White "Tugstumur, Yesuntumur"]
[Black "Sambuev, Bator"]
[Result "1-0"]
[WhiteElo "2347"]
[BlackElo "2466"]
[PlyCount "115"]
[EventDate "2022.08.03"]
[EventType "swiss"]
[EventRounds "9"]
[EventCountry "USA"]
[Source "ChessMix"]
[SourceDate "2022.08.10"]

1. d4 {[%emt 0:00:06]} d5 {[%emt 0:00:08]} 2. c4 {[%emt 0:00:06]} e6 {
[%emt 0:00:03]} 3. Nf3 {[%emt 0:00:09]} c6 {[%emt 0:00:05]} 4. e3 {
[%emt 0:00:06]} Bd6 {[%emt 0:00:09]} 5. Bd3 {[%emt 0:00:31]} f5 {[%emt 0:00:05]
} 6. O-O {[%emt 0:00:17]} Nf6 {[%emt 0:00:04]} 7. b3 {[%emt 0:00:16]} Qe7 {
[%emt 0:00:04]} 8. Bb2 {[%emt 0:00:47]} O-O {[%emt 0:00:07]} 9. Qc1 {
[%emt 0:00:08]} dxc4 {[%emt 0:00:05]} 10. bxc4 {[%emt 0:08:07]} c5 {
[%emt 0:04:58]} 11. Nc3 {[%emt 0:01:38]} Nc6 {[%emt 0:00:56]} 12. Rd1 {
[%emt 0:10:30]} e5 {[%emt 0:10:29]} 13. Nd5 {[%emt 0:09:27]} Nxd5 {
[%emt 0:01:42]} 14. cxd5 {[%emt 0:00:04]} e4 {[%emt 0:02:11]} 15. dxc5 {
[%emt 0:00:18]} Bxc5 {[%emt 0:01:29]} 16. dxc6 {[%emt 0:05:06]} exf3 {
[%emt 0:00:50]} 17. gxf3 {[%emt 0:01:41]} bxc6 {[%emt 0:09:47]} 18. Kh1 {
[%emt 0:00:45]} Be6 {[%emt 0:00:25]} 19. Bc4 {[%emt 0:02:56]} Bb6 20. Rg1 {
[%emt 0:02:17]} Rf7 {[%emt 0:04:35]} 21. Qc3 {[%emt 0:00:06]} Bd5 {
[%emt 0:00:32]} 22. Bxd5 {[%emt 0:17:02]} cxd5 {[%emt 0:00:07]} 23. a4 {
[%emt 0:01:12]} Qd7 {[%emt 0:11:21]} 24. a5 {[%emt 0:02:26]} Bd8 {
[%emt 0:06:00]} 25. Qd3 {[%emt 0:04:58]} Rc8 {[%emt 0:10:58]} 26. a6 {
[%emt 0:06:57]} f4 {[%emt 0:03:22]} 27. exf4 {[%emt 0:03:14]} Bb6 {
[%emt 0:02:50]} 28. Rad1 {[%emt 0:07:25]} d4 {[%emt 0:02:04]} 29. Rg4 {
[%emt 0:01:16]} Rd8 {[%emt 0:04:37]} 30. Rdg1 {[%emt 0:01:32]} Qd5 {
[%emt 0:04:33]} 31. Rg5 {[%emt 0:00:41]} Qc6 {[%emt 0:00:52]} 32. Rh5 {
[%emt 0:01:05]} g6 {[%emt 0:07:52]} 33. f5 {[%emt 0:02:20]} Rf6 {[%emt 0:00:14]
} 34. Rhg5 {[%emt 0:01:14]} Kf7 {[%emt 0:00:20]} 35. R1g4 {[%emt 0:00:54]} Rd5
{[%emt 0:01:35]} 36. fxg6+ {[%emt 0:00:27]} hxg6 {[%emt 0:01:20]} 37. Qb3 {
[%emt 0:03:06]} Rff5 {[%emt 0:02:53]} 38. Bxd4 {[%emt 0:01:19]} Qb5 {
[%emt 0:02:39]} 39. Rxf5+ {[%emt 0:01:33]} gxf5 {[%emt 0:00:07]} 40. Rg7+ {
[%emt 0:00:18]} Kf8 {[%emt 0:01:02]} 41. Qe3 {[%emt 0:00:58]} Rd7 {
[%emt 0:00:31]} 42. Qh6 {[%emt 0:01:52]} Rxg7 {[%emt 0:00:06]} 43. Qxg7+ {
[%emt 0:00:26]} Ke8 {[%emt 0:00:03]} 44. Qg6+ {[%emt 0:00:20]} Kd7 {
[%emt 0:01:00]} 45. Qf7+ {[%emt 0:01:45]} Kd6 {[%emt 0:01:29]} 46. Qg6+ {
[%emt 0:00:52]} Kd7 {[%emt 0:01:13]} 47. Qg7+ {[%emt 0:00:30]} Kd6 {
[%emt 0:00:10]} 48. Bxb6 {[%emt 0:03:16]} axb6 {[%emt 0:00:16]} 49. Qa1 {
[%emt 0:00:07]} Qd5 {[%emt 0:00:30]} 50. Qa3+ {[%emt 0:00:43]} Kc7 {
[%emt 0:00:24]} 51. a7 {[%emt 0:00:05]} Qa8 {[%emt 0:00:15]} 52. h4 {
[%emt 0:00:20]} Kd7 {[%emt 0:01:39]} 53. Kg2 {[%emt 0:01:09]} b5 {
[%emt 0:00:36]} 54. Qa6 {[%emt 0:00:52]} b4 {[%emt 0:00:13]} 55. Qb6 {
[%emt 0:00:09]} Qg8+ {[%emt 0:00:08]} 56. Kh2 {[%emt 0:00:08]} Qa2 {
[%emt 0:00:17]} 57. Qb7+ {[%emt 0:00:21]} Ke6 {[%emt 0:00:06]} 58. Kg2 {
[%emt 0:00:12]} 1-0

[Event "Hollywood op"]
[Site "Los Angeles USA"]
[Date "2022.08.07"]
[Round "9.9"]
[White "Sambuev, Bator"]
[Black "Sandoval Mercado, Carlos"]
[Result "0-1"]
[WhiteElo "2466"]
[BlackElo "2307"]
[PlyCount "66"]
[EventDate "2022.08.03"]
[EventType "swiss"]
[EventRounds "9"]
[EventCountry "USA"]
[Source "ChessMix"]
[SourceDate "2022.08.10"]

1. Nf3 {[%emt 0:00:09]} Nf6 {[%emt 0:01:44]} 2. c4 {[%emt 0:01:08]} g6 {
[%emt 0:03:36]} 3. Nc3 {[%emt 0:00:05]} Bg7 {[%emt 0:00:05]} 4. e4 {
[%emt 0:00:04]} d6 {[%emt 0:00:05]} 5. d4 {[%emt 0:00:03]} O-O {[%emt 0:00:07]}
6. Be2 {[%emt 0:00:03]} e5 {[%emt 0:00:06]} 7. O-O {[%emt 0:00:04]} exd4 {
[%emt 0:01:06]} 8. Nxd4 {[%emt 0:00:05]} Re8 {[%emt 0:00:05]} 9. f3 {
[%emt 0:00:05]} c6 {[%emt 0:01:35]} 10. Kh1 {[%emt 0:00:10]} Nbd7 {
[%emt 0:00:14]} 11. Nc2 {[%emt 0:02:15]} Nb6 {[%emt 0:02:12]} 12. Bg5 {
[%emt 0:02:22]} h6 {[%emt 0:01:41]} 13. Bh4 {[%emt 0:00:06]} d5 {[%emt 0:04:04]
} 14. exd5 {[%emt 0:20:16]} cxd5 {[%emt 0:01:10]} 15. c5 {[%emt 0:00:31]} Nc4 {
[%emt 0:02:51]} 16. b3 {[%emt 0:01:31]} Ne4 {[%emt 0:08:38]} 17. fxe4 {
[%emt 0:15:17]} Qxh4 {[%emt 0:00:37]} 18. g3 {[%emt 0:00:25]} Qg5 {
[%emt 0:28:40]} 19. Nxd5 {[%emt 0:01:44]} Nd2 {[%emt 0:02:29]} 20. Nc7 {
[%emt 0:17:29]} Rd8 {[%emt 0:10:27]} 21. Rf4 {[%emt 0:08:44]} Nxb3 {
[%emt 0:13:47]} 22. axb3 {[%emt 0:10:48]} Rxd1+ {[%emt 0:00:11]} 23. Rxd1 {
[%emt 0:00:15]} Be5 {[%emt 0:03:58]} 24. Nxa8 {[%emt 0:03:50]} Bxf4 {
[%emt 0:00:03]} 25. gxf4 {[%emt 0:00:44]} Qxf4 {[%emt 0:00:02]} 26. Nd4 {
[%emt 0:01:44]} Bg4 {[%emt 0:00:02]} 27. Kg2 {[%emt 0:02:43]} Bxe2 {
[%emt 0:01:30]} 28. Nxe2 {[%emt 0:00:04]} Qxe4+ {[%emt 0:00:09]} 29. Kf2 {
[%emt 0:00:22]} Qf5+ {[%emt 0:00:07]} 30. Ke1 {[%emt 0:00:09]} Qc8 {
[%emt 0:00:06]} 31. b4 {[%emt 0:00:37]} Qxa8 {[%emt 0:00:07]} 32. b5 {
[%emt 0:00:27]} Qe8 {[%emt 0:01:22]} 33. Rb1 {[%emt 0:01:33]} Qe4 {
[%emt 0:02:43]} 0-1

[Event "Francophonie-Tch rapid Online"]
[Site "Tornelo"]
[Date "2022.06.04"]
[Round "1.1"]
[White "Sambuev, Bator"]
[Black "Latorre, Vincent"]
[Result "1-0"]
[WhiteElo "2497"]
[BlackElo "1813"]
[PlyCount "63"]
[EventDate "2022.06.04"]
[EventType "team"]
[EventRounds "11"]
[EventCountry "NET"]
[WhiteTeam "Kanada"]
[BlackTeam "Kanada"]
[WhiteTeamCountry "CAN"]
[BlackTeamCountry "CAN"]

1. d4 Nf6 2. c4 e6 3. Nc3 Bb4 4. e3 O-O 5. Bd3 d5 6. a3 Bd6 7. Nf3 c5 8. O-O
dxc4 9. Bxc4 cxd4 10. exd4 b6 11. Bg5 Nbd7 12. d5 e5 13. Bb5 Qe7 14. Nh4 e4 15.
Bc6 Rb8 16. g3 Ba6 17. Re1 h6 18. Nxe4 hxg5 19. Nf5 Qxe4 20. Rxe4 Nxe4 21. Nxd6
Nxd6 22. Bxd7 Rfd8 23. Bc6 Nc4 24. Qa4 Na5 25. b4 Nxc6 26. dxc6 Rbc8 27. Qxa6
Rxc6 28. Qxa7 Rc2 29. Qxb6 Rdd2 30. a4 g4 31. a5 g5 32. a6 1-0

[Event "Francophonie-Tch rapid Online"]
[Site "Tornelo"]
[Date "2022.06.04"]
[Round "2.1"]
[White "Scurtu, Alexandr"]
[Black "Sambuev, Bator"]
[Result "0-1"]
[WhiteElo "1960"]
[BlackElo "2497"]
[PlyCount "96"]
[EventDate "2022.06.04"]
[EventType "team"]
[EventRounds "11"]
[EventCountry "NET"]
[WhiteTeam "Moldowa"]
[BlackTeam "Kanada"]
[WhiteTeamCountry "MDA"]
[BlackTeamCountry "CAN"]

1. e4 e6 2. d4 d5 3. Nc3 Bb4 4. e5 b6 5. a3 Bf8 6. f4 h5 7. Nf3 Nh6 8. Be3 Be7
9. Bd3 Ba6 10. O-O Bxd3 11. Qxd3 Nf5 12. Bf2 Qc8 13. Na4 Qa6 14. Qb3 O-O 15.
Rac1 Nc6 16. Nc3 Na5 17. Qb5 Qxb5 18. Nxb5 Rfc8 19. a4 a6 20. Nc3 c5 21. Ne2
Rc7 22. Rfd1 Rac8 23. Rb1 Nc4 24. Rd3 f6 25. Ng3 Nxg3 26. Bxg3 fxe5 27. fxe5 g5
28. c3 g4 29. Nd2 Nxd2 30. Rxd2 cxd4 31. Rxd4 Bc5 32. Bf2 Bxd4 33. Bxd4 Rb7 34.
Rf1 Rf8 35. Rxf8+ Kxf8 36. Kf2 Kf7 37. b4 b5 38. a5 Kg6 39. Kg3 Kg5 40. h4+ Kf5
41. Kf2 Ke4 42. Kg3 Rf7 43. Kh2 Rf1 44. Kg3 Kf5 45. Kh2 Kf4 46. g3+ Kf3 47. Bc5
Re1 48. Bd6 Re2+ 0-1

[Event "Francophonie-Tch rapid Online"]
[Site "Tornelo"]
[Date "2022.06.04"]
[Round "4.1"]
[White "Adly, Ahmed"]
[Black "Sambuev, Bator"]
[Result "1/2-1/2"]
[WhiteElo "2596"]
[BlackElo "2497"]
[PlyCount "156"]
[EventDate "2022.06.04"]
[EventType "team"]
[EventRounds "11"]
[EventCountry "NET"]
[WhiteTeam "Ägypten"]
[BlackTeam "Kanada"]
[WhiteTeamCountry "EGY"]
[BlackTeamCountry "CAN"]

1. d4 e6 2. Nf3 Nf6 3. g3 b5 4. Bg2 Bb7 5. O-O Be7 6. a4 a6 7. axb5 axb5 8.
Rxa8 Bxa8 9. Qd3 Be4 10. Qb3 b4 11. Nbd2 Bc6 12. Re1 Ne4 13. Nc4 Bd5 14. Nfe5
O-O 15. Qd3 f5 16. f3 Nd6 17. e4 Bb7 18. Bd2 Nxc4 19. Qxc4 fxe4 20. fxe4 Ba6
21. Qa2 c5 22. d5 Bg5 23. dxe6 c4 24. Nxc4 dxe6 25. Bxg5 Qxg5 26. Ne3 Qf6 27.
Ng4 Qd4+ 28. Kh1 Bc4 29. Qa1 Nc6 30. Ne3 Bb5 31. c3 bxc3 32. bxc3 Qd3 33. Qc1
Ne5 34. Rd1 Qe2 35. Qd2 Qxd2 36. Rxd2 Rc8 37. Rc2 Bd3 38. Rc1 Kf7 39. Kg1 Ke7
40. Kf2 Ra8 41. Re1 Ra3 42. Rc1 Ra2+ 43. Kg1 Re2 44. Nf1 Bxe4 45. Bxe4 Rxe4 46.
Rc2 g5 47. Ra2 h5 48. Kf2 Nd3+ 49. Kf3 Re5 50. h3 Rf5+ 51. Kg2 Rc5 52. Ra7+ Kf6
53. Nd2 Rf5 54. Kg1 Nc5 55. Ra5 Rd5 56. Rxc5 Rxd2 57. h4 gxh4 58. gxh4 e5 59.
Rc8 Kf5 60. Rg8 Kf4 61. c4 e4 62. c5 Rc2 63. Rg5 Kf3 64. Rf5+ Kg3 65. Kf1 Kxh4
66. Rf4+ Kg3 67. Rxe4 h4 68. Re3+ Kg4 69. Re2 Rxc5 70. Kg2 Rf5 71. Kh2 Rf4 72.
Rg2+ Kf5 73. Kg1 Rg4 74. Rxg4 Kxg4 75. Kg2 h3+ 76. Kh1 Kg3 77. Kg1 h2+ 78. Kh1
Kh3 1/2-1/2

[Event "Francophonie-Tch rapid Online"]
[Site "Tornelo"]
[Date "2022.06.04"]
[Round "5.1"]
[White "Sambuev, Bator"]
[Black "Zaibi, Amir"]
[Result "1-0"]
[WhiteElo "2497"]
[BlackElo "2398"]
[PlyCount "75"]
[EventDate "2022.06.04"]
[EventType "team"]
[EventRounds "11"]
[EventCountry "NET"]
[WhiteTeam "Kanada"]
[BlackTeam "Tunesien"]
[WhiteTeamCountry "CAN"]
[BlackTeamCountry "TUN"]

1. d4 d5 2. Nf3 Nf6 3. e3 Bg4 4. c4 Nc6 5. cxd5 Nxd5 6. Bb5 e6 7. Qa4 Bb4+ 8.
Bd2 O-O 9. Bxc6 Bxd2+ 10. Nbxd2 bxc6 11. Ne5 Qh4 12. O-O Be2 13. Rfc1 Rfb8 14.
b3 Bb5 15. Qa5 Rb6 16. Ndc4 Bxc4 17. Rxc4 Qe4 18. Rac1 h5 19. Qd2 h4 20. h3 a5
21. Nxc6 Raa6 22. Ne5 f6 23. Nd7 Rb5 24. Nc5 Rxc5 25. dxc5 Qe5 26. Rxh4 g5 27.
Rd4 f5 28. Re1 Nf6 29. Rd8+ Kg7 30. Qd4 Qxd4 31. Rxd4 Rc6 32. Rc1 Ne4 33. f3
Nd6 34. Kf2 Nb7 35. a3 Nxc5 36. Ke2 f4 37. exf4 Nxb3 38. Rd7+ 1-0

[Event "Francophonie-Tch rapid Online"]
[Site "Tornelo"]
[Date "2022.06.04"]
[Round "6.1"]
[White "Bagheri, Amir"]
[Black "Sambuev, Bator"]
[Result "0-1"]
[WhiteElo "2375"]
[BlackElo "2497"]
[PlyCount "102"]
[EventDate "2022.06.04"]
[EventType "team"]
[EventRounds "11"]
[EventCountry "NET"]
[WhiteTeam "Monaco"]
[BlackTeam "Kanada"]
[WhiteTeamCountry "MNC"]
[BlackTeamCountry "CAN"]

1. d4 e6 2. Nf3 Nf6 3. Bg5 c5 4. e3 d5 5. Nbd2 Nbd7 6. c3 Be7 7. Bd3 b6 8. Qb1
Bb7 9. O-O h6 10. Bxf6 Bxf6 11. b4 cxd4 12. cxd4 O-O 13. Qb2 a5 14. bxa5 Rxa5
15. Nb3 Ra7 16. Rfc1 Qb8 17. Bb5 Ba6 18. a4 Qd6 19. Bxa6 Rxa6 20. Qe2 Raa8 21.
Qb5 Rfc8 22. g3 g5 23. h3 Kg7 24. Kg2 Nf8 25. g4 Ng6 26. Rxc8 Rxc8 27. Rc1 Ne7
28. Rxc8 Nxc8 29. Nc1 Qc7 30. Ne2 Nd6 31. Qb1 Ne4 32. Qb5 Qc2 33. Ne1 Qa2 34.
Nf3 Be7 35. Nfg1 Qa1 36. Nf3 Qa2 37. Nfg1 Qa1 38. Nf3 Bd6 39. Qxb6 Qxa4 40. Nc3
Nxc3 41. Qxd6 Ne4 42. Qe5+ Kg6 43. Qb8 Qc2 44. Nh4+ gxh4 45. Qf4 Ng5 46. Qb8
Qe4+ 47. Kf1 Qh1+ 48. Ke2 Qxh3 49. Qg8+ Kf6 50. Qh8+ Ke7 51. f4 Qxg4+ 0-1

[Event "Francophonie-Tch rapid Online"]
[Site "Tornelo"]
[Date "2022.06.04"]
[Round "7.1"]
[White "Sambuev, Bator"]
[Black "Zeneli, Klendi"]
[Result "1-0"]
[WhiteElo "2497"]
[BlackElo "1921"]
[PlyCount "47"]
[EventDate "2022.06.04"]
[EventType "team"]
[EventRounds "11"]
[EventCountry "NET"]
[WhiteTeam "Kanada"]
[BlackTeam "Albanien"]
[WhiteTeamCountry "CAN"]
[BlackTeamCountry "ALB"]

1. d4 d5 2. Nf3 Nf6 3. e3 c5 4. c4 cxd4 5. exd4 Nc6 6. Nc3 Bg4 7. cxd5 Nxd5 8.
Qb3 Nb6 9. d5 Bxf3 10. gxf3 Nd4 11. Qd1 e5 12. dxe6 Nxe6 13. Be3 Bc5 14. Bb5+
Nd7 15. Qd5 Bxe3 16. fxe3 Nc7 17. Qe4+ Qe7 18. Bxd7+ Kxd7 19. O-O-O+ Ke8 20.
Qxb7 Qxe3+ 21. Kb1 Qb6 22. Qe4+ Kf8 23. Rd7 Rb8 24. Qe7+ 1-0

[Event "Francophonie-Tch rapid Online"]
[Site "Tornelo"]
[Date "2022.06.04"]
[Round "8.1"]
[White "Ben Ammar, Mohamed"]
[Black "Sambuev, Bator"]
[Result "0-1"]
[WhiteElo "2142"]
[BlackElo "2497"]
[PlyCount "136"]
[EventDate "2022.06.04"]
[EventType "team"]
[EventRounds "11"]
[EventCountry "NET"]
[WhiteTeam "Tunesien"]
[BlackTeam "Kanada"]
[WhiteTeamCountry "TUN"]
[BlackTeamCountry "CAN"]

1. d4 e6 2. c4 Bb4+ 3. Nc3 c5 4. e3 Ne7 5. Bd3 Nbc6 6. a3 Bxc3+ 7. bxc3 d6 8.
Ne2 e5 9. f4 f5 10. fxe5 dxe5 11. O-O e4 12. Bc2 O-O 13. a4 b6 14. a5 Nxa5 15.
Rxa5 bxa5 16. Ba3 Ba6 17. Bxc5 Bxc4 18. Bb3 Bf7 19. Nf4 Qd7 20. Bxf7+ Rxf7 21.
Qb3 Re8 22. Ne6 Nd5 23. Ng5 Rf6 24. c4 h6 25. Nh3 Nb6 26. Nf4 Qa4 27. Qxa4 Nxa4
28. Bxa7 Ra6 29. Ra1 Nb2 30. Bc5 Nxc4 31. Kf2 Rb8 32. d5 Rb2+ 33. Kg3 a4 34.
Rc1 a3 35. Bd4 Rb4 36. Ne6 a2 37. Nc5 Rg6+ 38. Kf2 Na3 39. Ra1 Nc2 40. Rxa2
Nxd4 41. exd4 Rxd4 42. Ne6 Rxd5 43. Nf4 Rgd6 44. Nxd5 Rxd5 45. g4 f4 46. Re2
Rd4 47. h4 g5 48. h5 Kf7 49. Ra2 Ke6 50. Ra6+ Rd6 51. Ra2 Ke5 52. Ra5+ Rd5 53.
Ra6 Rd2+ 54. Ke1 Rg2 55. Rxh6 Rxg4 56. Rh8 Rh4 57. h6 Kd4 58. Kf2 g4 59. h7 g3+
60. Kg2 Ke3 61. Kg1 Kf3 62. Ra8 Rxh7 63. Ra3+ e3 64. Ra2 Rd7 65. Ra1 e2 66.
Ra3+ Kg4 67. Ra1 Rd1+ 68. Kg2 f3# 0-1

[Event "Francophonie-Tch rapid Online"]
[Site "Tornelo"]
[Date "2022.06.04"]
[Round "9.1"]
[White "Sambuev, Bator"]
[Black "Najjar, Ahmad"]
[Result "1-0"]
[WhiteElo "2497"]
[BlackElo "2261"]
[PlyCount "129"]
[EventDate "2022.06.04"]
[EventType "team"]
[EventRounds "11"]
[EventCountry "NET"]
[WhiteTeam "Kanada"]
[BlackTeam "Libanon"]
[WhiteTeamCountry "CAN"]
[BlackTeamCountry "LBN"]

1. Nf3 g6 2. e4 c5 3. d4 cxd4 4. Nxd4 Nc6 5. c4 Nf6 6. Nc3 d6 7. Be2 Nxd4 8.
Qxd4 Bg7 9. Bg5 O-O 10. Qd2 Be6 11. Rc1 Qa5 12. f3 Rfc8 13. Nd5 Qxd2+ 14. Kxd2
Bxd5 15. cxd5 Kf8 16. Be3 Nd7 17. Rxc8+ Rxc8 18. Rc1 Rxc1 19. Kxc1 b6 20. b4 h5
21. Kc2 Be5 22. f4 Bg7 23. Kb3 Ke8 24. Ka4 Kd8 25. Kb5 Kc7 26. Ka6 Bc3 27. a3
Bb2 28. Kxa7 Bxa3 29. Bd2 Bb2 30. Ka6 Bd4 31. h3 Bf2 32. g4 hxg4 33. hxg4 Bg1
34. g5 Bd4 35. Bg4 Bf2 36. Kb5 Bg1 37. Be1 Be3 38. Bg3 Nb8 39. e5 dxe5 40. fxe5
Kb7 41. d6 exd6 42. exd6 Bxg5 43. Bf3+ Ka7 44. Bd5 f5 45. Bf7 Be3 46. Bxg6 f4
47. Bh4 f3 48. Be4 f2 49. Bg2 Nd7 50. Kc6 Ne5+ 51. Kd5 Nf7 52. d7 Kb7 53. Ke6+
Kc7 54. Ke7 Bf4 55. Kxf7 Kxd7 56. Bxf2 b5 57. Bc5 Be5 58. Bh3+ Kc6 59. Ke6 Bc3
60. Bg2+ Kc7 61. Kd5 Kb7 62. Bf1 Ka6 63. Kc6 Bxb4 64. Bxb4 Ka7 65. Bxb5 1-0

[Event "Francophonie-Tch rapid Online"]
[Site "Tornelo"]
[Date "2022.06.04"]
[Round "10.1"]
[White "Mohamed Abderrahim, Taleb Mohamed"]
[Black "Sambuev, Bator"]
[Result "0-1"]
[WhiteElo "2084"]
[BlackElo "2497"]
[PlyCount "90"]
[EventDate "2022.06.04"]
[EventType "team"]
[EventRounds "11"]
[EventCountry "NET"]
[WhiteTeam "MTN"]
[BlackTeam "Kanada"]
[BlackTeamCountry "CAN"]

1. e4 e6 2. d4 d5 3. Nd2 c5 4. dxc5 Bxc5 5. Bd3 Nc6 6. Ngf3 Nb4 7. O-O Nxd3 8.
cxd3 Ne7 9. Nb3 Bb6 10. e5 O-O 11. Nbd4 f6 12. exf6 gxf6 13. Ne2 e5 14. Ng3 Ng6
15. h4 Bg4 16. h5 Nh4 17. Bh6 Re8 18. Rc1 Qd7 19. Kh2 Kh8 20. Nxh4 Bxd1 21.
Rcxd1 Rg8 22. Nhf5 Rac8 23. f4 Bc7 24. fxe5 Bxe5 25. Bf4 Bxf4 26. Rxf4 Rg5 27.
Re1 Re8 28. Ref1 Reg8 29. Re1 Qc7 30. Ref1 Rg4 31. R4f3 R8g5 32. Kh3 Qe5 33.
Re3 Rxg3+ 34. Rxg3 Rxf5 35. Rxf5 Qxf5+ 36. Kh4 Qf4+ 37. Kh3 Qe5 38. Kh4 Qxb2
39. Rf3 Kg7 40. Rg3+ Kf7 41. h6 Qf2 42. Kh3 Qf5+ 43. Kh4 Qf4+ 44. Kh5 Qxg3 45.
d4 Qg5# 0-1

[Event "Francophonie-Tch rapid Online"]
[Site "Tornelo"]
[Date "2022.06.04"]
[Round "11.1"]
[White "Sambuev, Bator"]
[Black "Veleshnja, Zino"]
[Result "1-0"]
[WhiteElo "2497"]
[BlackElo "2224"]
[PlyCount "53"]
[EventDate "2022.06.04"]
[EventType "team"]
[EventRounds "11"]
[EventCountry "NET"]
[WhiteTeam "Kanada"]
[BlackTeam "Albanien"]
[WhiteTeamCountry "CAN"]
[BlackTeamCountry "ALB"]

1. d4 Nf6 2. Nf3 e6 3. e3 c5 4. Bd3 Nc6 5. O-O Be7 6. c4 cxd4 7. exd4 d5 8. c5
O-O 9. Nc3 Bd7 10. a3 a5 11. Na4 Ne4 12. Nb6 Ra7 13. Re1 f5 14. Bb5 Bf6 15. Bf4
g5 16. Nxd7 Qxd7 17. Be5 Qc8 18. Bxf6 Rxf6 19. h3 Qc7 20. Bxc6 bxc6 21. Ne5 f4
22. Qh5 Kg7 23. Rxe4 dxe4 24. Qxg5+ Rg6 25. Qxf4 Qd8 26. Nxg6 hxg6 27. Qxe4 1-0

[Event "Americas World Cup QGp7"]
[Site "Tornelo INT"]
[Date "2021.05.23"]
[Round "1.2"]
[White "Sambuev, Bator"]
[Black "Lyn, Christopher"]
[Result "1-0"]
[WhiteElo "2514"]
[BlackElo "1767"]
[PlyCount "55"]
[EventDate "2021.05.22"]
[EventType "k.o."]
[EventRounds "3"]
[EventCountry "NET"]
[Source "Mark Crowther"]
[SourceDate "2021.05.24"]

1. d4 Nf6 2. Nf3 e6 3. e3 d5 4. Bd3 Bd6 5. O-O c5 6. b3 O-O 7. Bb2 Nbd7 8. Nbd2
Re8 9. Ne5 Qc7 10. f4 cxd4 11. exd4 Bb4 12. c3 Bf8 13. Qf3 b6 14. Qh3 Bb7 15.
Rae1 g6 16. Ndf3 Bg7 17. Ng5 Rf8 18. Nexf7 Rae8 19. Nh6+ Bxh6 20. Qxh6 Rf7 21.
Nxf7 Kxf7 22. g4 Kg8 23. f5 Nxg4 24. Qf4 Qxf4 25. Rxf4 Ngf6 26. fxe6 Kg7 27.
exd7 Rxe1+ 28. Kf2 1-0

[Event "Americas World Cup QGp7"]
[Site "Tornelo INT"]
[Date "2021.05.24"]
[Round "2.1"]
[White "Sambuev, Bator"]
[Black "Valenzuela Fuentealba, L."]
[Result "1/2-1/2"]
[WhiteElo "2514"]
[BlackElo "2444"]
[PlyCount "175"]
[EventDate "2021.05.22"]
[EventType "k.o."]
[EventRounds "3"]
[EventCountry "NET"]
[Source "Mark Crowther"]
[SourceDate "2021.05.31"]

1. Nf3 Nf6 2. d4 g6 3. Bg5 Bg7 4. Nbd2 O-O 5. c3 d6 6. e4 c5 7. dxc5 dxc5 8.
Be2 Qc7 9. O-O b6 10. Re1 Bb7 11. Qc2 h6 12. Bh4 Nh5 13. Nc4 Nf4 14. Bf1 Nc6
15. Bg3 g5 16. h4 f6 17. Rad1 Kh8 18. Ne3 e6 19. b4 cxb4 20. cxb4 Qe7 21. b5
Nd8 22. Nc4 Nf7 23. Nd4 Rac8 24. Qa4 Ne5 25. Bxf4 gxf4 26. Nxe5 fxe5 27. Nf3
Qc7 28. Qb3 Rfe8 29. Qb2 Bf6 30. Rc1 Qe7 31. Rc4 Rxc4 32. Bxc4 Kg7 33. Bb3 Kh7
34. Qe2 Rg8 35. Rd1 Qg7 36. Ne1 Qe7 37. h5 Bc8 38. Rc1 Bb7 39. Rc4 Rc8 40. Rxc8
Bxc8 41. Qc4 Bd7 42. a4 Qd6 43. Nd3 Kg7 44. Qc3 Kf7 45. g3 fxg3 46. fxg3 Qd4+
47. Qxd4 exd4 48. e5 Bg5 49. Kf2 Bc8 50. Nf4 Ke7 51. Bd1 a6 52. Be2 axb5 53.
axb5 Kf7 54. Bd3 Bb7 55. Ke2 Bxf4 56. gxf4 Bg2 57. Kf2 Bd5 58. Kg3 Bb3 59. Kf3
Bd1+ 60. Be2 Bc2 61. Bc4 Ke7 62. Ke2 Bf5 63. Kd2 Be4 64. Bd3 Bf3 65. Bg6 Bg2
66. Ke2 Kd7 67. Bd3 Ke7 68. Kd2 Bf3 69. Be2 Be4 70. Bg4 Kd7 71. Ke2 Ke7 72. Bf3
Bf5 73. Kd2 Bb1 74. Be2 Be4 75. Kc1 Kd7 76. Kb2 Ke7 77. Kb3 Bd5+ 78. Kc2 Be4+
79. Kd2 Kd7 80. Bd3 Bf3 81. Bg6 Bg2 82. Ke2 Ke7 83. Kf2 Bd5 84. Bd3 Bb3 85. Ke2
Bd5 86. Kf2 Bb3 87. Ke2 Bd5 88. Kf2 1/2-1/2

[Event "Americas World Cup QGp7"]
[Site "Tornelo INT"]
[Date "2021.05.25"]
[Round "2.2"]
[White "Valenzuela Fuentealba, L."]
[Black "Sambuev, Bator"]
[Result "0-1"]
[WhiteElo "2444"]
[BlackElo "2514"]
[PlyCount "110"]
[EventDate "2021.05.22"]
[EventType "k.o."]
[EventRounds "3"]
[EventCountry "NET"]
[Source "Mark Crowther"]
[SourceDate "2021.05.31"]

1. d4 g6 2. Nf3 Bg7 3. c4 d6 4. Nc3 Bg4 5. g3 Qc8 6. h3 Bd7 7. Bg2 Nf6 8. e4
O-O 9. Be3 c5 10. dxc5 Nc6 11. cxd6 exd6 12. Rc1 Re8 13. Nd2 Ne5 14. Qe2 h5 15.
f4 Nc6 16. Nb5 Bf8 17. a3 Be6 18. Nc3 Bg7 19. Nb5 Qd7 20. Qd3 Rad8 21. Nc3 Rc8
22. Kf2 Nh7 23. c5 dxc5 24. Qxd7 Bxd7 25. Nc4 Bf8 26. Rhd1 Nd4 27. e5 b6 28.
Nd6 Bxd6 29. exd6 Nf5 30. Nd5 Rcd8 31. g4 hxg4 32. hxg4 Nxe3 33. Nxe3 g5 34.
fxg5 Nxg5 35. Nd5 Kg7 36. Nc7 Re5 37. Kg3 Ne6 38. Re1 Rg5 39. Rcd1 Nd4 40. Bh3
Ba4 41. Kf4 Rg6 42. Rd3 Rgxd6 43. Rc3 Rc6 44. b3 Bxb3 45. Nb5 Nxb5 46. Rxb3 Nd4
47. Rc3 Re6 48. Rxe6 Nxe6+ 49. Ke5 Rd4 50. Rg3 Nf4 51. Bf1 Ng6+ 52. Kf5 Rf4+
53. Kg5 Rxf1 54. a4 f6+ 55. Kh5 Rh1+ 0-1

[Event "Americas World Cup QGp7"]
[Site "Tornelo INT"]
[Date "2021.05.26"]
[Round "3.1"]
[White "Bacallao Alonso, Yusnel"]
[Black "Sambuev, Bator"]
[Result "0-1"]
[WhiteElo "2590"]
[BlackElo "2514"]
[PlyCount "76"]
[EventDate "2021.05.22"]
[EventType "k.o."]
[EventRounds "3"]
[EventCountry "NET"]
[Source "Mark Crowther"]
[SourceDate "2021.05.31"]

1. d4 d5 2. c4 e6 3. Nc3 c6 4. e3 Bd6 5. Bd3 f5 6. Qc2 Nh6 7. Nge2 O-O 8. Bd2
Kh8 9. h3 Qe7 10. a3 Nd7 11. c5 Bc7 12. f4 Nf6 13. g4 Ne4 14. g5 Ng8 15. Ng1
Bd7 16. Nxe4 fxe4 17. Be2 Be8 18. h4 Bg6 19. Nh3 Qe8 20. Qd1 Ne7 21. Nf2 Bf5
22. Rh2 Qb8 23. Rc1 b6 24. cxb6 axb6 25. Ng4 Bxg4 26. Bxg4 c5 27. h5 Nf5 28. h6
Nxe3 29. Bxe3 Bxf4 30. hxg7+ Kxg7 31. Rxh7+ Kxh7 32. Bf5+ Rxf5 33. Qh5+ Kg7 34.
Qh6+ Kf7 35. g6+ Kf6 36. Qh4+ Bg5 37. Bxg5+ Rxg5 38. Ke2 Qg3 0-1

[Event "Americas World Cup QGp7"]
[Site "Tornelo INT"]
[Date "2021.05.27"]
[Round "3.2"]
[White "Sambuev, Bator"]
[Black "Bacallao Alonso, Yusnel"]
[Result "0-1"]
[WhiteElo "2514"]
[BlackElo "2590"]
[PlyCount "130"]
[EventDate "2021.05.22"]
[EventType "k.o."]
[EventRounds "3"]
[EventCountry "NET"]
[Source "Mark Crowther"]
[SourceDate "2021.05.31"]

1. Nf3 Nf6 2. c4 g6 3. Nc3 Bg7 4. e4 d6 5. d4 O-O 6. Be2 e5 7. O-O Bg4 8. d5
Bxf3 9. Bxf3 Nbd7 10. Be3 Kh8 11. Qd2 Ng8 12. Be2 h5 13. g3 Kh7 14. Rae1 Nh6
15. f3 Qe7 16. Bd3 a6 17. Kg2 Rae8 18. Bc2 Rg8 19. h3 Ref8 20. b3 f6 21. f4
exf4 22. gxf4 f5 23. Kh2 Qh4 24. Rf3 Nf6 25. Bf2 Nfg4+ 26. Kg2 Nxf2 27. Qxf2
Qxf2+ 28. Kxf2 Re8 29. exf5 Bd4+ 30. Kf1 Rxe1+ 31. Kxe1 Re8+ 32. Kd2 Nxf5 33.
Ne4 Kh6 34. b4 Nh4 35. Rf1 Ng2 36. Kd3 Bg7 37. Rf2 Ne1+ 38. Ke3 Bc3 39. a3 Bb2
40. a4 Bc1+ 41. Kd4 Nxc2+ 42. Rxc2 Bxf4 43. c5 Be5+ 44. Ke3 g5 45. Rg2 Rf8 46.
Rg1 Rf5 47. c6 b6 48. b5 a5 49. Rg2 Kg6 50. Rg1 Bf6 51. Rd1 Bg7 52. Ng3 Rf7 53.
Ne4 Bh6 54. Rg1 Rf5 55. Kd4 Rf3 56. Rg3 Rf1 57. Kc4 Re1 58. Nf2 Bg7 59. Kd3 Ra1
60. Ne4 Ra3+ 61. Ke2 Rxa4 62. Nxg5 Ra2+ 63. Kd1 Be5 64. Rf3 Kxg5 65. Rf8 Rb2
0-1